01320nam a2200253 a 4500001001000000005001700010008004100027041000800068044000700076084002200083100003800105245010900143260003700252300002500289500004300314500026600357500004300623500010600666506009200772546005200864600003800916651008100954700003101035BRCA_493320190320204851.0211010s1823----mx-######v---#000-0#spa-# aspa amx aDOC35b.B73c18231 aBravo Rueda, Nicolásd1786-185410aDocumento firmado el 4 de mayo de 1823 por Nicolás Bravo RuedacNicolás Bravo Rueda, Lucas Alamán. aXalapa, Veracruz, Méxicoc1823 a[1] fojac30 x 21 cm aDocumento firmado el 4 de mayo de 1823 aDocumento de Don Nicolás Bravo dirigida a Don Lucas Alamán, Secretario de Relaciones Exteriores e Interiores, en la que le comunica que de acuerdo con Guadalupe Victoria, emprendia la marcha a la Antigua. Fechada en el Cuartel de Xalapa el 4 de mayo de 1823 aEl documento tiene la leyenda DOC. #44 aEstado de conservación: Contiene anotaciones con tinta roja y laguna en la esquina inferior derecha0 aFondo reservado: para su consulta es necesario credencial de usuario y carta de motivos aTexto en: español de principios del siglo XIX14aBravo Rueda, Nicolásd1786-1854 4aMéxicovManuscritoxHistoriayPrimeros gobiernos independientes, 1821-18241 aAlamán, Lucasd1792-1853